dbe all songs and features - Statistics

General Stats
  • This quiz has been taken 15 times
  • The average score is 41 of 242
Answer Stats
album song % Correct
home alone 2 overseas
80%
dbe world pakistan
70%
rolling stone still outside
70%
single/feature the shard
70%
home alone 2 make you smile
60%
street trauma monster
60%
PTSD darling
50%
PTSD | dbe world | home alone | home alone 2 intro
50%
home alone kitchen kings
50%
the blue print proud
50%
PTSD thug
50%
the blue print ufo
50%
home alone bank roll
40%
lap 5 bankroll got bigger
40%
rolling stone girls love lies
40%
rolling stone i need it now
40%
the blue print last night in marbella
40%
the blue print last night in paris
40%
single/feature nassty
40%
PTSD outro
40%
PTSD outside
40%
lap 5 she's not anyone
40%
PTSD 808
30%
rolling stone bando aiko
30%
street trauma beautiful
30%
the blue print birds are chirping
30%
the blue print cartier rings
30%
any minute now cocktail
30%
lap 5 conor mcgregor
30%
rolling stone eagle
30%
lap 5 elegant & gang
30%
single/feature euro nights
30%
the blue print free 22
30%
any minute now gucci mane
30%
PTSD last night in barcelona
30%
any minute now life
30%
PTSD love
30%
street trauma no cellular site
30%
PTSD number 29
30%
the blue print perkosex
30%
rolling stone pink lemonade
30%
single/feature prada
30%
single/feature rocket science
30%
rolling stone skims
30%
PTSD the bag
30%
PTSD thoughts
30%
single/feature tonight
30%
single/feature abloh
20%
PTSD ain't chanelle
20%
the blue print all the time
20%
any minute now away
20%
rolling stone badgalriri
20%
home alone 2 be polite
20%
lap 5 black beatles
20%
home alone 2 black sheep
20%
home alone 2 blood diamonds
20%
lap 5 buy it plain/flowers
20%
home alone careful
20%
PTSD cartier frames
20%
street trauma creep
20%
home alone 2 don't go
20%
the blue print drunkfxckstupid
20%
lap 5 fantasy
20%
the blue print ferarri horses
20%
any minute now flights
20%
rolling stone gassed up like esso
20%
rolling stone go go gang
20%
home alone gold
20%
PTSD home pussy
20%
dbe world hush lil baby
20%
street trauma i just
20%
any minute now ily
20%
single/feature indulge
20%
street trauma jeffery carter
20%
home alone keeper
20%
home alone kettle pouring
20%
single/feature kiki
20%
home alone luke cage
20%
lap 5 man in the mirror
20%
rolling stone metro bank
20%
home alone 2 miskeen
20%
street trauma molly world
20%
home alone 2 no competition
20%
PTSD nookie
20%
the blue print only fans
20%
the blue print plain jane
20%
PTSD playing for keeps
20%
dbe world potential
20%
street trauma prescription drugs
20%
lap 5 proud of me
20%
the blue print pure
20%
PTSD repentance
20%
dbe world right by the sink
20%
home alone running man
20%
the blue print seashore
20%
single/feature self obsessed
20%
the blue print shame on me
20%
dbe world she like me
20%
home alone smoking
20%
dbe world styrofoam
20%
dbe world submarine
20%
the blue print top thai
20%
single/feature trap house
20%
single/feature | the blue print we won
20%
any minute now work
20%
single/feature wrongs
20%
single/feature 1 on 1
10%
single/feature 38
10%
dbe world 4 and a baby
10%
lap 5 4 the win
10%
single/feature ayouba
10%
PTSD back to back
10%
lap 5 bando baby diaries
10%
street trauma bando boy
10%
single/feature barbie
10%
any minute now better than yours
10%
the blue print big b
10%
PTSD birth sign
10%
single/feature blem
10%
home alone buss it down
10%
street trauma change
10%
home alone 2 chrome hearts
10%
dbe world crying in chanel
10%
home alone 2 crypto's & crime
10%
single/feature cut me off
10%
street trauma dissmissive
10%
dbe world domino's in order
10%
home alone dreads in plats
10%
dbe world drums on safe
10%
home alone 2 ESTA denied
10%
single/feature favourite girl
10%
home alone feedback
10%
dbe world forest
10%
home alone 2 funny bunny nails
10%
street trauma gloria
10%
the blue print gs9
10%
the blue print gulag
10%
lap 5 half time
10%
PTSD heart safe
10%
home alone home alone
10%
lap 5 if i ruled the world
10%
lap 5 i really miss you
10%
home alone i remember
10%
dbe world Keith lemon
10%
dbe world kettle blue
10%
home alone 2 kevin mccallister
10%
single/feature large amounts
10%
lap 5 lonely lovers
10%
dbe world lottery love
10%
home alone 2 love is blind
10%
single/feature love of the money
10%
street trauma miley
10%
home alone 2 mood
10%
the blue print mr mysterious
10%
dbe world navy seal
10%
single/feature new dior
10%
PTSD no cap 2
10%
dbe world no more this time
10%
rolling stone not all heros wear capes
10%
dbe world NPC's
10%
dbe world obsessed
10%
dbe world operation fortress
10%
PTSD paid the price
10%
street trauma pain game
10%
lap 5 pass the parcel
10%
home alone 2 patek pain
10%
home alone 2 pay attention
10%
dbe world pirelli
10%
rolling stone poisonous tongue
10%
PTSD pretty little nike airs
10%
any minute now rap saved me
10%
any minute now real love
10%
single/feature rich
10%
street trauma set in stone
10%
home alone she wants love
10%
dbe world side effects
10%
home alone 2 ski dream
10%
single/feature ski flow
10%
single/feature ski talk
10%
home alone 2 squid game
10%
rolling stone still play valorant
10%
the blue print table manners
10%
dbe world tennis
10%
home alone this love
10%
the blue print tutorial
10%
home alone 2 uk duty paid
10%
street trauma uk gossip
10%
the blue print whistle
10%
PTSD whole summer
10%
single/feature wont ever know
10%
home alone your strong
10%
single/feature 3 gutta
0%
single/feature all year
0%
PTSD bando on the santav
0%
single/feature bentayga
0%
the blue print blessed & destined
0%
single/feature braided
0%
single/feature city girls/trackstar
0%
the blue print codine & fashion
0%
single/feature cuban links
0%
single/feature daily duppy
0%
the blue print desinty
0%
single/feature destiny's child
0%
PTSD different
0%
home alone 2 dire
0%
single/feature finding you
0%
single/feature from the block
0%
single/feature gabos
0%
single/feature gelato 41
0%
single/feature gold mine
0%
single/feature hersheys
0%
single/feature how i do it
0%
single/feature how many times
0%
home alone in pain session
0%
rolling stone lady in hermes
0%
single/feature madam moiselle
0%
single/feature madow like
0%
single/feature mazzaleen
0%
the blue print michilin star
0%
home alone 2 money can't buy heart
0%
single/feature most definitley
0%
single/feature night in la'casa
0%
single/feature ouija board
0%
single/feature penelope
0%
single/feature pour the maka
0%
single/feature rockstar
0%
single/feature rockstar in designer
0%
single/feature scary sight
0%
single/feature side affects
0%
single/feature taste
0%
single/feature tell me
0%
single/feature tell the truth
0%
single/feature tracksuit love
0%
single/feature trophy
0%
single/feature west end
0%
No matching quizzes found
Score Distribution
Percent of People with Each Score
Percentile by Number Answered
Your Score History
You have not taken this quiz